000 02330aam a2200361 i 4500
001 768714001
003 CO-MdFUSB
005 20220202171013.0
007 ta
008 220202t1982 sp |||| |||| 00| 0 spa d
020 _a8472286657
040 _bspa.
_aCO-MdFUSB
_cCO-MdFUSB
_dCO-MdFUSBC
_erda
041 _aspa
_hfre
082 0 4 _a231.3
_223
_bP1162p
100 1 _aPache, René
_eautor
240 _aLa personne et l'oeuvre du Saitn-Esprit
245 1 3 _aLa persona y la obra del Espíritu Santo
_c/ René Pache
264 1 _aTerrassa, Barcelona, España :
_bClie,
_c[1982]
264 4 _c© 1982
300 _a224 páginas
_c; 21 cm
336 _atexto
_btxt
_2rdacontent
337 _2rdamedia
_asin mediación
_bn
338 _2rdacarrier
_avolumen
_bnc
505 _tPrimera parte. ¿Quién es el Espíritu Santo?
_aLa personalidad del Espíritu Santo. -- La divinidad del Espíritu Santo. -- Los símbolos del Espíritu Santo.
505 _tSegunda parte. La obra del del Espíritu Santo antes de Pentecostés.
_aEl Espíritu Santo en el Antiguo Testamento. -- El Espíritu Santo en los evangelios. -- La obra del Espíritu Santo en Jesucristo. -- El Espíritu Santo y la inspiración de la Biblia.
505 _tTercera parte: La obra del Espíritu Santo en el corazón del hombre después de pentecostés.
_aLa dispensación del Espíritu. -- El pecado contra el Espíritu Santo. -- La regeneración y el bautismo del Espíritu. La recepción del Espíritu Santo. -- La adopción y la certeza de la salvación. -- La habitación del Espíritu Santo en el corazón del creyente. -- No entristezcáis al Espíritu. -- La plenitud del Espíritu Santo. -- La santificación por el Espíritu. -- La consolación, la enseñanza y la dirección del Espíritu. -- El Espíritu Santo y la iglesia.
505 _tCuarta parte: El Espíritu Santo y el servicio:
_aLa unción del Espíritu Santo. -- Los dones del Espíritu. -- El espíritu Sano y el testimonio. -- El Espíritu Santo y la oración. -- El Espíritu Santo y la adoración.
505 _tQuinta parte: La obra futura del Espíritu:
_aEl Espíritu Santo e Israel. -- El Espíritu Santo y la resurrección. -- El Espíritu Santo en la eternidad.
563 _aRústico
650 0 _aEspíritu Santo
_950
942 _cBK
945 _aJTF-925
999 _c34080
_d34080